[Event "?"]
[Site "?"]
[Date "????.??.??"]
[Round "?"]
[White "Tillmann, M."]
[Black "Wassin, S."]
[Result "0-1"]
[WhiteElo "2039"]
[BlackElo "2290"]
[PlyCount "108"]
[EventDate "2015.??.??"]

1. d4 Nf6 2. c4 c5 3. d5 b5 4. cxb5 a6 5. bxa6 g6 6. Nc3 Bxa6 7. g3 d6 8. Bg2
Bg7 9. Nf3 Nbd7 10. O-O O-O 11. Rb1 Qa5 12. Qc2 Ng4 13. Bd2 Nge5 14. Nxe5 Nxe5
15. b3 Rfb8 16. Rfd1 Bc8 17. h3 Nd7 18. a4 Ba6 19. e4 Ne5 20. Be1 Qb6 21. Kh1
Ra7 22. f4 Nd7 23. Na2 Rc8 24. Bf2 Qa5 25. Be1 Qd8 26. Bc3 Nf6 27. g4 Bb7 28.
e5 dxe5 29. Bxe5 Nxd5 30. Nc3 Bxe5 31. fxe5 e6 32. Nb5 Ra6 33. Nd6 Rxd6 34.
exd6 Qxd6 35. Qd2 Ba8 36. Rf1 Rc7 37. Qa5 Bb7 38. Rbd1 Qg3 39. Rf3 Qe5 40. Rfd3
Nf4 41. Rd8+ Kg7 42. Bxb7 Rxb7 43. Re1 Qf6 44. Qa8 Rxb3 45. Rg8+ Kh6 46. Qf8+
Kg5 47. Qxc5+ Nd5 48. Qc1+ Qf4 49. Re5+ Kh4 50. Qe1+ Kxh3 51. Re2 Qf3+ 52. Kg1
Qxg4+ 53. Kh1 Qxe2 54. Qxe2 Rb1+ 0-1

[Event "?"]
[Site "?"]
[Date "????.??.??"]
[Round "?"]
[White "Messalla, J."]
[Black "Grigorchuk, S."]
[Result "0-1"]
[WhiteElo "2057"]
[BlackElo "2278"]
[PlyCount "138"]
[EventDate "2015.??.??"]

1. e4 e6 2. d4 d5 3. e5 c5 4. Qg4 Qa5+ 5. Nd2 Nh6 6. Qf4 Nc6 7. Ngf3 Nb4 8. Kd1
c4 9. g4 Qa4 10. b3 cxb3 11. Nxb3 Qc6 12. Ne1 Bd7 13. a3 Na6 14. Qg3 Ng8 15.
Rb1 Qa4 16. Nd3 Rc8 17. f4 h5 18. g5 Ne7 19. Qf2 Nf5 20. Bh3 g6 21. Bxf5 exf5
22. Re1 Be6 23. Bd2 b6 24. Qe2 Nc7 25. Bb4 Bxb4 26. axb4 Nb5 27. Ra1 Qxa1+ 28.
Nxa1 Nc3+ 29. Kd2 Nxe2 30. Rxe2 Bd7 31. c3 Bb5 32. e6 Bxd3 33. Kxd3 Rc6 34.
exf7+ Kxf7 35. Nb3 Rhc8 36. Rc2 Re6 37. Nd2 Rce8 38. Ra2 Re3+ 39. Kc2 R8e7 40.
c4 dxc4 41. Nxc4 Re2+ 42. Nd2 Rxh2 43. Kd3 Rf2 44. Rc2 Rxf4 45. Rc6 Rd7 46. Ke3
Rfxd4 47. Nc4 Rxc4 48. Rxc4 a5 49. Rc6 a4 50. Rf6+ Kg7 51. Rxb6 Ra7 52. Rc6 a3
53. Rc1 a2 54. Ra1 Kf7 55. Kd4 Ke6 56. Kc5 Kd7 57. b5 Ra4 58. b6 Kc8 59. Kc6
Ra3 60. Rd1 Rc3+ 61. Kb5 f4 62. Kb4 Rd3 63. Ra1 Rd2 64. Kc3 Re2 65. Kd3 f3 66.
Rf1 Rb2 67. Rc1+ Kb7 68. Re1 Rb1 69. Re7+ Kxb6 0-1

[Event "?"]
[Site "?"]
[Date "????.??.??"]
[Round "?"]
[White "Malyuga, V."]
[Black "Gruender, M."]
[Result "1/2-1/2"]
[WhiteElo "2150"]
[BlackElo "1999"]
[PlyCount "108"]
[EventDate "2015.??.??"]

1. d4 g6 2. Nf3 Bg7 3. g3 d6 4. Bg2 Nd7 5. O-O e5 6. c4 Nh6 7. dxe5 dxe5 8. Nc3
O-O 9. Qc2 f6 10. b3 Nf7 11. Ba3 Re8 12. Rad1 c6 13. Rd2 Qa5 14. Bc1 Nf8 15.
Rfd1 Bf5 16. Ne4 Ne6 17. Qc3 Qxc3 18. Nxc3 Nc5 19. Ne1 Bh6 20. e3 Rad8 21. Rxd8
Rxd8 22. Rxd8+ Nxd8 23. Ba3 Bf8 24. Bxc5 Bxc5 25. Ne4 Be7 26. f4 Bxe4 27. Bxe4
f5 28. Bg2 e4 29. g4 Bc5 30. Nc2 Ne6 31. gxf5 gxf5 32. Kf2 Kf7 33. Ke2 Be7 34.
Bh3 Kg6 35. b4 Bf6 36. Kd2 b5 37. cxb5 cxb5 38. Na3 Nc7 39. Kc2 a6 40. Kb3 Nd5
41. Nc2 Bd8 42. a4 Bb6 43. axb5 axb5 44. Bf1 Nxe3 45. Bxb5 Nxc2 46. Be8+ Kf6
47. Kxc2 Be3 48. Kd1 Bxf4 49. h3 Bc7 50. Ke2 Bb6 51. Bc6 Kg5 52. Kf1 Kf4 53.
Bd7 Ke5 54. Ke2 f4 1/2-1/2

[Event "?"]
[Site "?"]
[Date "????.??.??"]
[Round "?"]
[White "Aleksandrova, Aleksandra"]
[Black "Frink, Ferenc"]
[Result "1-0"]
[WhiteElo "1931"]
[BlackElo "2123"]
[PlyCount "51"]
[EventDate "2015.??.??"]

1. Nf3 Nf6 2. d4 e6 3. Nbd2 Nc6 4. e4 d6 5. c3 Bd7 6. Bd3 e5 7. dxe5 dxe5 8.
Bc4 Bc5 9. b4 Bd6 10. Ng5 O-O 11. Qb3 Qe7 12. Ndf3 h6 13. h4 hxg5 14. hxg5 Nxe4
15. Nh4 Be6 16. Ng6 fxg6 17. Bxe6+ Rf7 18. Bxf7+ Qxf7 19. Rh8+ Kxh8 20. Qxf7
Kh7 21. Qc4 Nxc3 22. Bd2 Nd4 23. Qxc3 Bxb4 24. Qh3+ Kg8 25. O-O-O Ne2+ 26. Kb2
1-0

[Event "?"]
[Site "?"]
[Date "????.??.??"]
[Round "?"]
[White "Hoffmann, R."]
[Black "Krajinski, L."]
[Result "1-0"]
[WhiteElo "2048"]
[BlackElo "1683"]
[PlyCount "87"]
[EventDate "2015.??.??"]

1. Nf3 d5 2. d4 Nf6 3. c4 e6 4. Nc3 c6 5. e3 Nbd7 6. Qc2 Be7 7. b3 O-O 8. Bd3
h6 9. O-O Qc7 10. Bb2 Re8 11. h3 Bd6 12. Rfc1 e5 13. dxe5 Nxe5 14. Nxe5 Bxe5
15. cxd5 Bxc3 16. Qxc3 Bd7 17. e4 Qf4 18. Re1 Rac8 19. d6 b5 20. g3 Qg5 21. h4
Qg4 22. b4 Re6 23. Re3 Rxd6 24. Be2 Qg6 25. h5 Qh7 26. Qc5 Re6 27. Qxa7 Re7 28.
Bxf6 gxf6 29. Rd1 Rd8 30. Qc7 Rc8 31. Qd6 Kf8 32. Qc5 Be6 33. Rd6 Qg7 34. Rxc6
Rxc6 35. Qxc6 f5 36. exf5 Qa1+ 37. Kg2 Bd7 38. Qd6 Be6 39. fxe6 Qf6 40. Qd8+
Kg7 41. exf7 Rxf7 42. Qxf6+ Rxf6 43. Bxb5 Rf5 44. Be2 1-0

[Event "?"]
[Site "?"]
[Date "????.??.??"]
[Round "?"]
[White "Strzelecki, J."]
[Black "Krause, S."]
[Result "1/2-1/2"]
[WhiteElo "2063"]
[BlackElo "1926"]
[PlyCount "78"]
[EventDate "2015.??.??"]

1. c4 Nf6 2. Nc3 g6 3. d4 d5 4. cxd5 Nxd5 5. e4 Nxc3 6. bxc3 Bg7 7. Be3 c5 8.
Bb5+ Bd7 9. Be2 Nc6 10. Nf3 cxd4 11. cxd4 Bg4 12. d5 Ne5 13. Nxe5 Bxe2 14. Qxe2
Bxe5 15. Rc1 Qa5+ 16. Bd2 Qa4 17. O-O O-O 18. Bc3 Bxc3 19. Rxc3 Rac8 20. Rfc1
Qd7 21. Qc2 Rxc3 22. Qxc3 Qa4 23. Qc4 Qxc4 24. Rxc4 Rd8 25. f4 f5 26. exf5 Rxd5
27. fxg6 hxg6 28. Rc7 Kf7 29. Rxb7 Rd1+ 30. Kf2 Rd2+ 31. Kf3 Rxa2 32. h4 a5 33.
Ra7 a4 34. g3 a3 35. Kg4 Ra1 36. h5 gxh5+ 37. Kxh5 a2 38. Kg5 Rg1 39. Rxa2
Rxg3+ 1/2-1/2

[Event "?"]
[Site "?"]
[Date "????.??.??"]
[Round "?"]
[White "Wirth, A."]
[Black "Chomu Clement, M."]
[Result "1-0"]
[WhiteElo "1964"]
[BlackElo "2120"]
[PlyCount "141"]
[EventDate "2015.??.??"]

1. e4 e5 2. Nf3 Nc6 3. d4 exd4 4. Nxd4 Qf6 5. Be3 Bc5 6. Nb5 Bxe3 7. fxe3 Kd8
8. N1c3 Nge7 9. Qd2 a6 10. Nd4 d6 11. Be2 Be6 12. O-O-O b5 13. Rhf1 Qe5 14. Nf3
Qc5 15. e5 Nxe5 16. Ne4 Nxf3 17. Bxf3 Qd5 18. Nxd6 Qxd2+ 19. Rxd2 cxd6 20. Bxa8
Kc7 21. Be4 f5 22. Bf3 g5 23. g3 Ng6 24. Bd5 Bd7 25. Rd4 Ne5 26. Kd2 h5 27. e4
fxe4 28. Rxe4 g4 29. Ref4 Bc6 30. Bxc6 Kxc6 31. b3 Rh6 32. Ke3 h4 33. a4 hxg3
34. axb5+ axb5 35. hxg3 Rh3 36. Rg1 Rh2 37. Rf2 Rh7 38. Rd1 Re7 39. Kd4 Rh7 40.
Ra1 Rh3 41. Rg2 Nf3+ 42. Ke4 Rh5 43. Kf4 Ne5 44. Re1 b4 45. Rxe5 Rxe5 46. Kxg4
d5 47. Kf4 Kd6 48. g4 Ke6 49. g5 Re4+ 50. Kf3 Kf7 51. Rg4 Re5 52. Rxb4 Rxg5 53.
Kf4 Rh5 54. Rb6 Ke7 55. Ke3 Rh4 56. Kd3 Kd7 57. c4 Kc7 58. c5 Rg4 59. Rh6 Rf4
60. Re6 Rf3+ 61. Kc2 Rf2+ 62. Kc3 Rf3+ 63. Kb4 Rd3 64. Ka4 Rd1 65. b4 d4 66.
Kb3 Rb1+ 67. Kc4 Rc1+ 68. Kxd4 Rd1+ 69. Kc4 Rc1+ 70. Kd4 Rd1+ 71. Kc4 1-0

[Event "?"]
[Site "?"]
[Date "????.??.??"]
[Round "?"]
[White "Napierala, M."]
[Black "Checiak, K."]
[Result "0-1"]
[WhiteElo "1722"]
[BlackElo "2102"]
[PlyCount "110"]
[EventDate "2015.??.??"]

1. e4 e5 2. Nf3 Nc6 3. Nc3 Nf6 4. d4 exd4 5. Nxd4 Bc5 6. Be3 Nxd4 7. Bxd4 Qe7
8. Bxc5 Qxc5 9. Bd3 d6 10. Qf3 a6 11. O-O O-O 12. Rfe1 Bd7 13. Nd5 Nxd5 14.
exd5 Rfe8 15. Re3 Rxe3 16. Qxe3 Qxd5 17. Re1 g6 18. b3 Re8 19. Qd2 Rxe1+ 20.
Qxe1 Qe5 21. Qxe5 dxe5 22. f3 Kf8 23. Kf2 f5 24. Ke3 Ke7 25. c3 c5 26. a4 Be6
27. Bc2 Bd5 28. g3 Kf6 29. b4 b6 30. f4 Bc4 31. h3 a5 32. bxa5 bxa5 33. g4 h6
34. Bd1 Bf1 35. h4 fxg4 36. Bxg4 exf4+ 37. Kxf4 Bg2 38. Bd7 Bd5 39. Bb5 g5+ 40.
hxg5+ hxg5+ 41. Kg4 Be6+ 42. Kg3 Ke5 43. Bc6 Kf5 44. Bf3 Ke5 45. Bc6 Bf5 46.
Bf3 Bd7 47. Bd1 Ke4 48. Bc2+ Ke3 49. Bb3 Kd3 50. c4 Kc3 51. Ba2 Kb4 52. Kf3
Kxa4 53. Ke3 Kb4 54. Kd2 Bf5 55. Kc1 Ka3 0-1

[Event "?"]
[Site "?"]
[Date "????.??.??"]
[Round "?"]
[White "Nerlikar, S."]
[Black "Saraf, S."]
[Result "1-0"]
[WhiteElo "1479"]
[BlackElo "1579"]
[PlyCount "79"]
[EventDate "2015.??.??"]

1. d4 Nf6 2. Nf3 e6 3. c4 c5 4. d5 exd5 5. cxd5 d6 6. Nc3 a6 7. a4 Be7 8. e4
O-O 9. Bd3 Re8 10. O-O Nbd7 11. h3 Ne5 12. Nxe5 dxe5 13. b3 Bd7 14. Re1 Rb8 15.
a5 Bd6 16. Bd2 Rf8 17. Bc4 Qc8 18. Qf3 b5 19. axb6 Rxb6 20. Qd3 Qb7 21. Rxa6
Rxa6 22. Bxa6 Qxb3 23. Bc4 Qb8 24. Rb1 Qc7 25. Bg5 Ne8 26. Ba6 f6 27. Bd2 g6
28. Nd1 Ng7 29. Bh6 Rb8 30. Ne3 Qa7 31. Rxb8+ Qxb8 32. Bc4 Ne8 33. Qa3 Nc7 34.
Kh2 g5 35. Be2 Qb4 36. Qd3 Bb5 37. Nc4 Be7 38. d6 Bxd6 39. Qxd6 Ne8 40. Qf8#
1-0

[Event "?"]
[Site "?"]
[Date "????.??.??"]
[Round "?"]
[White "Zabolotny, V."]
[Black "Kaydanovich, M."]
[Result "1-0"]
[WhiteElo "2018"]
[BlackElo "1831"]
[PlyCount "73"]
[EventDate "2015.??.??"]

1. c4 e5 2. g3 Nc6 3. Bg2 Nf6 4. Nc3 Be7 5. a3 a5 6. d3 O-O 7. Rb1 Rb8 8. Bd2
Nd4 9. e3 Ne6 10. Nd5 b6 11. b4 axb4 12. axb4 c6 13. Nxe7+ Qxe7 14. Bc3 Nc7 15.
Ne2 Bb7 16. O-O Rfd8 17. Qc2 d6 18. Ra1 d5 19. Ra7 Qe6 20. Bb2 Nfe8 21. h4 Nd6
22. Rc1 Na6 23. cxd5 cxd5 24. Qa4 Qe8 25. Rxa6 Bxa6 26. Qxa6 Ra8 27. Qxb6 Ra2
28. Rb1 Nb5 29. Nc3 Rb8 30. Qc5 Nxc3 31. Qxc3 Rc8 32. Qxe5 Qxe5 33. Bxe5 Rcc2
34. Bxd5 Ra3 35. Bc4 h6 36. b5 Ra5 37. Bc7 1-0

[Event "?"]
[Site "?"]
[Date "????.??.??"]
[Round "?"]
[White "Flock, D."]
[Black "Krabbe, W."]
[Result "1/2-1/2"]
[WhiteElo "1867"]
[BlackElo "1869"]
[PlyCount "60"]
[EventDate "2015.??.??"]

1. d4 d5 2. c4 e6 3. Nf3 Nf6 4. g3 c6 5. Qc2 Nbd7 6. Bg2 Be7 7. O-O O-O 8. b3
b6 9. Nbd2 Bb7 10. e4 dxe4 11. Nxe4 Nxe4 12. Qxe4 Nf6 13. Qe2 c5 14. Rd1 Qe8
15. Be3 Ng4 16. Bf4 cxd4 17. Nxd4 Bxg2 18. Kxg2 Nf6 19. Nb5 Qc6+ 20. Qf3 Qxf3+
21. Kxf3 a6 22. Nd4 Rac8 23. Rd3 h6 24. Rad1 g5 25. Bc1 Nd7 26. Ke2 Nc5 27. Re3
Rfd8 28. Nf5 Bf8 29. Nd4 Rd7 30. Nc2 Rxd1 1/2-1/2

[Event "?"]
[Site "?"]
[Date "????.??.??"]
[Round "?"]
[White "Mekus, M."]
[Black "Strekalovski, V."]
[Result "1/2-1/2"]
[WhiteElo "1628"]
[BlackElo "1939"]
[PlyCount "66"]
[EventDate "2015.??.??"]

1. Nf3 g6 2. g3 Bg7 3. Bg2 d6 4. d3 Nc6 5. O-O h5 6. c3 Nf6 7. Bg5 Nh7 8. Bd2
Bd7 9. e4 Qc8 10. Re1 Bg4 11. Qc1 h4 12. Nxh4 Bh3 13. f4 Nf6 14. f5 Bxg2 15.
Kxg2 Rxh4 16. gxh4 gxf5 17. Bg5 fxe4 18. Qe3 Qg4+ 19. Qg3 Qxg3+ 20. hxg3 exd3
21. Nd2 Nh7 22. Bf4 O-O-O 23. Rad1 Rg8 24. Nf3 e5 25. Bc1 f5 26. Ng5 Nxg5 27.
Bxg5 e4 28. Rf1 Be5 29. Rxf5 e3 30. Bxe3 Rxg3+ 31. Kf2 Rh3 32. Rg5 Rh2+ 33. Rg2
Rxh4 1/2-1/2

[Event "?"]
[Site "?"]
[Date "????.??.??"]
[Round "?"]
[White "Mikhalionak, A."]
[Black "Lebedev, S."]
[Result "1/2-1/2"]
[WhiteElo "1617"]
[BlackElo "1854"]
[PlyCount "46"]
[EventDate "2015.??.??"]

1. d4 c5 2. e3 d6 3. c3 Qb6 4. Nf3 Bg4 5. Be2 Nf6 6. O-O h6 7. Nbd2 Nbd7 8. b3
Bf5 9. Bb2 e6 10. h3 Be7 11. Re1 O-O 12. c4 d5 13. cxd5 exd5 14. dxc5 Bxc5 15.
Bd4 Bxd4 16. Nxd4 Be4 17. Bf3 Rfe8 18. Rc1 Bd3 19. Be2 Be4 20. Bf3 Bd3 21. Be2
Be4 22. Bf3 Bd3 23. Be2 Be4 1/2-1/2

[Event "?"]
[Site "?"]
[Date "????.??.??"]
[Round "?"]
[White "Koenig, J."]
[Black "Karpova, M."]
[Result "1/2-1/2"]
[WhiteElo "1640"]
[BlackElo "1781"]
[PlyCount "88"]
[EventDate "2015.??.??"]

1. d4 Nf6 2. Bg5 d5 3. e3 e6 4. Bd3 Be7 5. Nf3 Nbd7 6. Nbd2 c5 7. c3 c4 8. Bc2
b5 9. O-O O-O 10. Ne5 g6 11. f4 Bb7 12. Qe1 Ne4 13. Bxe7 Qxe7 14. a3 Ndf6 15.
Nef3 Nxd2 16. Nxd2 Ng4 17. e4 dxe4 18. Bxe4 Bxe4 19. Qxe4 Nf6 20. Qe2 Rad8 21.
f5 Rd5 22. fxe6 Qxe6 23. Qxe6 fxe6 24. Rae1 Rd6 25. Re5 a6 26. Rfe1 Re8 27. Nf3
h6 28. Rc5 Nd5 29. Ne5 Kg7 30. Rf1 Re7 31. Rf3 g5 32. Rc8 Nf4 33. g3 Ng6 34.
Nxg6 Kxg6 35. g4 Rf7 36. Rg8+ Rg7 37. Rgf8 Rgd7 38. Rg8+ Rg7 39. Rxg7+ Kxg7 40.
Re3 Kf6 41. Kf2 Rd5 42. Kf3 e5 43. Re4 Ke6 44. Kf2 Kf6 1/2-1/2

[Event "?"]
[Site "?"]
[Date "????.??.??"]
[Round "?"]
[White "Misic, A."]
[Black "Kohnen, K."]
[Result "0-1"]
[WhiteElo "1719"]
[BlackElo "1510"]
[PlyCount "154"]
[EventDate "2015.??.??"]

1. e4 c5 2. Nf3 Nc6 3. Bc4 e6 4. O-O g6 5. d4 cxd4 6. Nxd4 Bg7 7. Be3 Nf6 8.
Nc3 O-O 9. Nxc6 bxc6 10. Bg5 Qc7 11. Qe2 d5 12. exd5 cxd5 13. Bd3 Bb7 14. Nb5
Qd7 15. Nd4 Ne4 16. Be3 Nd6 17. Rab1 Bc6 18. c3 a5 19. Nb3 Bb5 20. Bxb5 Nxb5
21. Nc5 Qc6 22. Nd3 Nd6 23. Rfc1 Rfc8 24. Bd4 Bxd4 25. cxd4 Qa4 26. Qe5 Nf5 27.
Nc5 Qxd4 28. Qxd4 Nxd4 29. Kf1 Ra7 30. Na4 Rac7 31. Rd1 Nb5 32. Nb6 Rb8 33. Na4
Rc2 34. a3 Rbc8 35. Nb6 R8c7 36. Na4 Kf8 37. g3 Ke7 38. h4 h5 39. f3 f5 40. f4
Kd6 41. Ke1 e5 42. Rd3 R2c4 43. Nb6 Re4+ 44. Kd2 Nd4 45. fxe5+ Kxe5 46. Re3
Rc2+ 47. Kd3 Re2 48. Rxe2 Nxe2 49. Nd7+ Kd6 50. Nf8 Nxg3 51. Nxg6 Rg4 52. Nf8
Rxh4 53. Rg1 Rg4 54. Re1 Re4 55. Re3 f4 56. Rf3 Ke5 57. Nd7+ Kf5 58. Nb6 h4 59.
Nxd5 h3 60. Nxf4 Kg4 61. Nxh3 Kxf3 62. Ng5+ Kf4 63. Nxe4 Nxe4 64. b4 a4 65. b5
Ke5 66. b6 Kd5 67. Kc2 Nd6 68. Kc3 Kc5 69. Kd3 Kxb6 70. Kc3 Kc5 71. Kb2 Kc4 72.
Kc2 Nb5 73. Kb2 Kd3 74. Ka2 Kc3 75. Ka1 Kb3 76. Kb1 Nxa3+ 77. Ka1 Nc2+ 0-1

[Event "?"]
[Site "?"]
[Date "????.??.??"]
[Round "?"]
[White "Zimmer, R."]
[Black "Suder, R."]
[Result "1/2-1/2"]
[WhiteElo "1985"]
[BlackElo "2128"]
[PlyCount "60"]
[EventDate "2015.??.??"]

1. e4 d6 2. Bc4 Nf6 3. d3 g6 4. Nc3 Bg7 5. f4 c6 6. Nf3 O-O 7. O-O d5 8. Bb3
Bg4 9. Qe1 Bxf3 10. Rxf3 e6 11. f5 exf5 12. exf5 Nbd7 13. Qh4 Nh5 14. Bg5 Bf6
15. fxg6 fxg6 16. Bxf6 Rxf6 17. Rxf6 Qxf6 18. Qxf6 Nhxf6 19. Re1 Kf7 20. d4 Re8
21. Rxe8 Kxe8 22. h3 Ke7 23. Kf2 Nf8 24. Ke3 Ne6 25. Ne2 Nd7 26. c3 Kf6 27. Bc2
h6 28. Bd3 Ndf8 29. h4 g5 30. hxg5+ hxg5 1/2-1/2

[Event "?"]
[Site "?"]
[Date "????.??.??"]
[Round "?"]
[White "Gerasimova, O."]
[Black "Mate, B."]
[Result "0-1"]
[WhiteElo "2058"]
[BlackElo "2121"]
[PlyCount "92"]
[EventDate "2015.??.??"]

1. e4 c5 2. Nc3 Nc6 3. g3 g6 4. Bg2 Bg7 5. d3 e6 6. Be3 Nd4 7. Nce2 Ne7 8. c3
Nxe2 9. Nxe2 d6 10. Qd2 h5 11. h3 Qc7 12. O-O b6 13. d4 Bb7 14. f4 f5 15. dxc5
dxc5 16. e5 Bxg2 17. Kxg2 Rd8 18. Qc2 Qc6+ 19. Kh2 Kf7 20. Rad1 Nd5 21. Bc1 b5
22. Rd3 Rd7 23. c4 bxc4 24. Qxc4 Qc7 25. Rfd1 Rhd8 26. b3 Bf8 27. Ng1 Nb6 28.
Qc2 Rxd3 29. Rxd3 Rxd3 30. Qxd3 c4 31. Qc3 Qc5 32. Be3 Qa3 33. Bxb6 Qxa2+ 34.
Kh1 axb6 35. Qxc4 Bc5 36. Ne2 Qb1+ 37. Kg2 Qe1 38. Qd3 Qf2+ 39. Kh1 Qf1+ 40.
Kh2 Bg1+ 41. Kh1 Bf2+ 42. Kh2 Bg1+ 43. Kh1 Be3+ 44. Kh2 Qf2+ 45. Kh1 Qf3+ 46.
Kh2 Bg1+ 0-1

[Event "?"]
[Site "?"]
[Date "????.??.??"]
[Round "?"]
[White "Miozga, T."]
[Black "Kononov, V."]
[Result "1-0"]
[WhiteElo "1995"]
[BlackElo "2096"]
[PlyCount "73"]
[EventDate "2015.??.??"]

1. d4 g6 2. c4 Bg7 3. Nc3 d6 4. e4 Nc6 5. Be3 e5 6. Nge2 Nf6 7. f3 O-O 8. d5
Ne7 9. Qd2 a6 10. Nc1 c5 11. Nb3 Bd7 12. a4 b6 13. Be2 Ne8 14. O-O f5 15. f4
fxe4 16. fxe5 Bxe5 17. Rxf8+ Kxf8 18. Nxe4 Nf6 19. Nxf6 Bxf6 20. Bf4 Bc8 21. g4
Kg8 22. Rf1 Bg7 23. Bg5 Ra7 24. Qf4 Be5 25. Qf7+ Kh8 26. Qf8+ Qxf8 27. Rxf8+
Kg7 28. Bxe7 Rxe7 29. Rxc8 Bxh2+ 30. Kf1 Re3 31. Nd2 Be5 32. Rc6 Bf4 33. Rxb6
Rh3 34. Nf3 Rh1+ 35. Kf2 h5 36. gxh5 gxh5 37. Bf1 1-0

[Event "?"]
[Site "?"]
[Date "????.??.??"]
[Round "?"]
[White "Malyuga, V."]
[Black "Aleksandrova, A."]
[Result "0-1"]
[WhiteElo "2150"]
[BlackElo "1931"]
[PlyCount "68"]
[EventDate "2015.??.??"]

1. c4 e5 2. Nc3 c6 3. g3 Bc5 4. Bg2 Nf6 5. e3 O-O 6. Nge2 d5 7. cxd5 cxd5 8. d4
exd4 9. exd4 Bb4 10. O-O Bg4 11. Qa4 Nc6 12. Nf4 Bxc3 13. bxc3 g5 14. Nh3 h6
15. f3 Bd7 16. Ba3 Re8 17. Rae1 Ne5 18. Qc2 Nxf3+ 19. Bxf3 Bxh3 20. Bg2 Bxg2
21. Kxg2 Rxe1 22. Rxe1 Ne4 23. Rxe4 dxe4 24. Qxe4 Qd7 25. Qf3 Rc8 26. d5 Qa4
27. Bb4 Qxa2+ 28. Kh3 Rd8 29. d6 Qe6+ 30. Kg2 a5 31. Bc5 b6 32. Bxb6 Rxd6 33.
Qa8+ Kh7 34. Bd4 Qd5+ 0-1

[Event "?"]
[Site "?"]
[Date "????.??.??"]
[Round "?"]
[White "Checiak, K."]
[Black "Zabolotny, V."]
[Result "1-0"]
[WhiteElo "2102"]
[BlackElo "2018"]
[PlyCount "96"]
[EventDate "2015.??.??"]

1. b3 e5 2. Bb2 d6 3. g3 Nf6 4. Bg2 g6 5. e4 Bg7 6. d4 exd4 7. Bxd4 Nc6 8. Bc3
O-O 9. Ne2 Bd7 10. O-O Re8 11. Nd2 Qc8 12. Re1 Bh3 13. Bh1 Ne5 14. Nf4 Bg4 15.
f3 Bd7 16. Nf1 b5 17. Ne3 a5 18. a3 a4 19. b4 Bc6 20. Rc1 Qb7 21. Qd2 Rad8 22.
Nfd5 Nxd5 23. exd5 Bd7 24. f4 Ng4 25. Bxg7 Kxg7 26. Nxg4 Bxg4 27. Qd4+ Kg8 28.
Kf2 Qb8 29. Bg2 Qc8 30. Qd3 Qd7 31. Bf1 Rb8 32. Rxe8+ Qxe8 33. Re1 Qd8 34. Qd4
Bf5 35. c3 h5 36. h4 Qd7 37. Bg2 Re8 38. Rxe8+ Qxe8 39. Qe3 Qd7 40. Bf1 c6 41.
Qb6 Be4 42. Qxc6 Qxc6 43. dxc6 Bxc6 44. Ke3 Kg7 45. c4 bxc4 46. Bxc4 Kf6 47.
Bd3 Ke6 48. Kd4 Be8 1-0

[Event "?"]
[Site "?"]
[Date "????.??.??"]
[Round "?"]
[White "Stachanczyk, J."]
[Black "Yarmonov, I."]
[Result "0-1"]
[WhiteElo "2240"]
[BlackElo "2375"]
[PlyCount "66"]
[EventDate "2015.??.??"]

1. c4 e5 2. g3 Nf6 3. Bg2 d5 4. cxd5 Nxd5 5. Nc3 Nxc3 6. bxc3 Bd6 7. Nf3 O-O 8.
O-O Nd7 9. d4 c6 10. Qc2 Qe7 11. a4 Re8 12. e3 exd4 13. cxd4 a5 14. Nd2 Nb6 15.
e4 Bb4 16. Nc4 Nxc4 17. Qxc4 Bd7 18. f4 b5 19. Qa2 bxa4 20. f5 Bc3 21. Bb2 Bxb2
22. Qxb2 Rab8 23. Qc2 c5 24. dxc5 Rec8 25. Rac1 Rb4 26. e5 Bb5 27. Rf4 Qxe5 28.
c6 a3 29. c7 Qe3+ 30. Kh1 Rb2 31. Qd1 Rd2 32. Re4 Rxd1+ 33. Rxd1 Qb6 0-1

[Event "?"]
[Site "?"]
[Date "????.??.??"]
[Round "?"]
[White "Gerasimov, A."]
[Black "Chojnowski, M."]
[Result "1-0"]
[WhiteElo "2189"]
[BlackElo "2015"]
[PlyCount "77"]
[EventDate "2015.??.??"]

1. d4 Nf6 2. c4 g6 3. Nc3 Bg7 4. Nf3 O-O 5. e4 d6 6. Be2 e5 7. O-O Na6 8. Be3
exd4 9. Nxd4 Re8 10. f3 Nc5 11. Qd2 b6 12. Rfd1 Bb7 13. Rac1 Qe7 14. Nc2 Nh5
15. Bf1 Ne6 16. Nd4 Be5 17. Nxe6 fxe6 18. g4 Ng7 19. Bg2 Rf8 20. f4 Bf6 21. e5
Bxg2 22. exf6 Qxf6 23. Qxg2 h5 24. Ne4 Qh4 25. h3 hxg4 26. hxg4 Kf7 27. Qg3 Rh8
28. Qxh4 Rxh4 29. Nf2 Rah8 30. Kg2 g5 31. fxg5 e5 32. Rh1 Ne6 33. Rxh4 Rxh4 34.
Kg3 Rh8 35. Ne4 Ke7 36. Rf1 c6 37. g6 d5 38. Rf7+ Kd8 39. Rxa7 1-0

[Event "?"]
[Site "?"]
[Date "????.??.??"]
[Round "?"]
[White "Gruender, M."]
[Black "Strzelecki, J."]
[Result "1/2-1/2"]
[WhiteElo "1999"]
[BlackElo "2063"]
[PlyCount "61"]
[EventDate "2015.??.??"]

1. Nf3 Nf6 2. c4 e6 3. g3 a6 4. Bg2 b5 5. b3 c5 6. O-O Qb6 7. Nc3 Bb7 8. Re1 d6
9. d4 Be7 10. e4 O-O 11. e5 dxe5 12. dxe5 Rd8 13. Qc2 Ne8 14. Ne4 Nc6 15. Bd2
Rd7 16. Rac1 b4 17. Rcd1 Rad8 18. Bg5 h6 19. Bc1 Qc7 20. Bb2 a5 21. g4 Bf8 22.
g5 h5 23. g6 Rxd1 24. Rxd1 Rxd1+ 25. Qxd1 fxg6 26. Neg5 Bc8 27. Qd3 Ne7 28. Nh4
Qd7 29. Be4 Qxd3 30. Bxd3 Nc7 31. Nxg6 1/2-1/2

[Event "?"]
[Site "?"]
[Date "????.??.??"]
[Round "?"]
[White "Kovalenko, V."]
[Black "Mackowiak, M."]
[Result "1-0"]
[WhiteElo "2068"]
[BlackElo "2140"]
[PlyCount "123"]
[EventDate "2015.??.??"]

1. e4 c6 2. d4 d5 3. exd5 cxd5 4. Bd3 Nf6 5. c3 Nc6 6. Bf4 Bg4 7. Qb3 Qd7 8.
Nd2 e6 9. Ngf3 Bxf3 10. Nxf3 Be7 11. h3 a6 12. a4 O-O 13. O-O Bd6 14. Bxd6 Qxd6
15. Rfe1 Qc7 16. Qc2 Rac8 17. Re2 h6 18. g3 Rfe8 19. Rae1 Qa5 20. Qd1 Qd8 21.
Kg2 Nd7 22. Bc2 Nf8 23. Qd3 Qc7 24. h4 Ne7 25. Qd2 Neg6 26. Bd3 Qd7 27. Bc2 Qd6
28. h5 Ne7 29. Ne5 f6 30. Nd3 b6 31. Nf4 Nc6 32. Qd3 f5 33. Qxa6 Rb8 34. Bxf5
e5 35. dxe5 Rxe5 36. Rxe5 Nxe5 37. Qb5 Rd8 38. Qe2 Nc6 39. Be6+ Kh8 40. Bxd5
Qc5 41. Qc4 Qxc4 42. Bxc4 Nb8 43. Ng6+ Kh7 44. Nxf8+ Rxf8 45. Bb5 Rf6 46. Bd3+
g6 47. Bxg6+ Kg8 48. Re8+ Rf8 49. Rxf8+ Kxf8 50. Kf3 Na6 51. b4 Nc7 52. Ke4 Ke7
53. f4 Kd6 54. Bf7 Ke7 55. Bc4 Ne8 56. Ke5 Nf6 57. Be2 Nd7+ 58. Kf5 Nf6 59. Bf3
Kf7 60. a5 bxa5 61. bxa5 Nd7 62. a6 1-0

[Event "?"]
[Site "?"]
[Date "????.??.??"]
[Round "?"]
[White "Wassin, S."]
[Black "Varezhkin, V."]
[Result "1-0"]
[WhiteElo "2290"]
[BlackElo "2267"]
[PlyCount "67"]
[EventDate "2015.??.??"]

1. d4 Nf6 2. c4 g6 3. Nc3 Bg7 4. e4 d6 5. Nf3 O-O 6. Be2 e5 7. O-O exd4 8. Nxd4
Nc6 9. Be3 Re8 10. f3 Nxd4 11. Bxd4 Be6 12. Rc1 Nd7 13. Bxg7 Kxg7 14. b4 a5 15.
a3 f6 16. Qd2 axb4 17. axb4 b6 18. Nd5 Qb8 19. Ra1 Qb7 20. Qc3 Bf7 21. h3 c6
22. Ne3 d5 23. Rxa8 Qxa8 24. cxd5 cxd5 25. Bb5 Rc8 26. Qd4 Qb7 27. Nxd5 Bxd5
28. exd5 Ne5 29. f4 Nf7 30. Bc6 Qc7 31. Re1 Qd6 32. Re6 Rxc6 33. Qxf6+ Kg8 34.
dxc6 1-0

[Event "?"]
[Site "?"]
[Date "????.??.??"]
[Round "?"]
[White "Pakhomov, A."]
[Black "Grigorchuk, S."]
[Result "1-0"]
[WhiteElo "2335"]
[BlackElo "2278"]
[PlyCount "89"]
[EventDate "2015.??.??"]

1. Nf3 Nf6 2. d4 d5 3. c4 e6 4. Nc3 Be7 5. Bg5 h6 6. Bf4 O-O 7. e3 c5 8. dxc5
Bxc5 9. Be2 Nc6 10. O-O dxc4 11. Bxc4 a6 12. Rc1 Bd7 13. Bd3 Re8 14. Ne4 Nxe4
15. Bxe4 Bf8 16. Bd6 Bxd6 17. Qxd6 Re7 18. Rfd1 Qe8 19. Ne5 Nxe5 20. Qxe5 Bc6
21. Bxc6 bxc6 22. Qd6 Rc8 23. Qa3 Rb7 24. b3 Rb5 25. e4 a5 26. Rc4 c5 27. Qc1
Rb4 28. Rxc5 Ra8 29. Rc4 Rbb8 30. g3 a4 31. b4 a3 32. Qc3 Ra4 33. Rc1 Qb5 34.
Rb1 Ra7 35. Qc2 Rab7 36. Rb3 Qd7 37. Kg2 Rb5 38. Qc3 Qb7 39. Qf3 Qe7 40. h4
Rxb4 41. Rbxb4 Rxb4 42. Qxa3 Rb7 43. Qxe7 Rxe7 44. a4 Rb7 45. a5 1-0

[Event "?"]
[Site "?"]
[Date "????.??.??"]
[Round "?"]
[White "Meshkov, Y."]
[Black "Dukaczewski, P."]
[Result "1-0"]
[WhiteElo "2351"]
[BlackElo "2261"]
[PlyCount "85"]
[EventDate "2015.??.??"]

1. d4 d5 2. Bf4 Nf6 3. e3 e6 4. Nf3 Be7 5. h3 O-O 6. Bd3 b6 7. Qe2 Bb7 8. O-O
Nbd7 9. Ne5 c5 10. c3 Nxe5 11. Bxe5 Nd7 12. Bh2 Bf6 13. f4 g6 14. g4 Bg7 15. g5
a5 16. h4 Qc8 17. a4 Ba6 18. Na3 Bxd3 19. Qxd3 Qc6 20. Nb5 c4 21. Qe2 f5 22. h5
Rfd8 23. Bg3 Nb8 24. Rfb1 Na6 25. b3 Rd7 26. bxc4 dxc4 27. e4 fxe4 28. Re1 Rc8
29. Qc2 gxh5 30. Rxe4 Rf8 31. Rae1 Re7 32. Qe2 h4 33. Bxh4 Nc7 34. Nxc7 Rxc7
35. Rxe6 Qxa4 36. Rxb6 Qd7 37. Bg3 Rc6 38. Rb5 Qc7 39. Qc2 Qa7 40. Qe4 Ra6 41.
Rb7 Qa8 42. f5 Rf7 43. Rb8+ 1-0